| 000 | 00565nam a2200193 i 4500 | ||
|---|---|---|---|
| 001 | 102754 | ||
| 003 | ES-MaACL | ||
| 005 | 20240513170340.0 | ||
| 007 | t| | ||
| 008 | 041220s2005 sp ||||1| spa d | ||
| 020 | _a84-96507-08-4 | ||
| 080 | _a75 Velázquez, Diego | ||
| 245 | 0 | 0 |
_aVelázquez, pintor de Felipe IV [ _hRecurso electrónico]. |
| 260 |
_aMadrid : _bDolmen, _c2005. |
||
| 300 |
_a1 disco compacto (DVD video) ; _c12 cm. |
||
| 600 | 1 | 4 |
_aVelázquez, Diego, _d1599-1660- _vCD-ROM _9113794 |
| 852 |
_aES-MaACL _jROT 2/2/15 |
||
| 999 |
_c102754 _d102754 |
||